000
00296nam a22001337a 4500
008
170609b xxu||||| |||| 00| 0 eng d
020
_a
9780766021501
041
_a
eng
080
_a
338
100
_a
19
101
_a
shp
245
_a
THE POLITICS OF SLAVERY
_c
ALTMAN.L.J
942
_2
udc
_c
BK
999
_c
16672
_d
16672